| 000 | 01420cam a2200313ui 4500 | ||
|---|---|---|---|
| 003 | PILC | ||
| 005 | 20241120162925.0 | ||
| 008 | 800320r19791972cauabd bs 001 0 eng d | ||
| 010 | _aAcc#44957 | ||
| 020 | _a0878087354 | ||
| 035 | _a(OCoLC)6108522 | ||
| 035 | _a(OCoLC)ocm06108522 | ||
| 035 | _a(NNC)4439169 | ||
| 040 |
_aNNUT _cPhilippine Baptist Theological Seminary _dCStRLIN |
||
| 050 |
_aBV 3423 _bL613 1979 |
||
| 090 |
_aBV3423.H25 _bL5 1979 |
||
| 100 | 1 | _aLiao, David C. E. | |
| 245 | 1 | 4 |
_aThe unresponsive: resistant or neglected? : _bthe homogeneous unit principle illustrated by the Hakka Chinese in Taiwan / _cDavid C. E. Liao. |
| 264 |
_aPasadena, Ca. : _bWilliam Carey Library, _c1979. |
||
| 300 |
_a160 p. : _bill., maps, charts ; _c22 cm. |
||
| 500 | _aReprint of the 1972 ed. published by Moody Bible Institute. | ||
| 504 | _aInclude bibliographical references and index. | ||
| 505 | _aResistant peoples - a worldwide phenomenon -- Hakkas - the most "resistant" people in Taiwan -- The responsive Hakkas --A faltering growth -- Neglected -- History of the Hakkas -- A peculiar people -- Harnessing people - consciousness for church growth -- The crucial issue of ancestor worship -- Understanding and winning each "resistant" people -- | ||
| 650 | 0 |
_aHakka (Chinese people) _xMissions _zTaiwan. |
|
| 650 | 0 | _aHakka (Chinese people) | |
| 942 |
_2ddc _cCB |
||
| 999 |
_c68466 _d68466 |
||